Peintres par mouvement - Statistiques

Statistiques générales
  • Ce quiz a été pris 88 fois
  • Le résultat moyen est 10 sur 30
Statistiques - réponses
Hint Réponse % Correct
Claude Monet Impressionisme
84%
Andy Warhol Pop art
79%
Pablo Picasso Cubisme
77%
René Magritte Surréalisme
61%
Eugène Delacroix Romantisme
48%
Vassily Kandinsky Art abstrait
47%
Paul Signac Pointillisme
42%
Jan van Eyck Primitifs flamands
42%
Giotto Primitifs italiens
39%
Raphaël Haute-Renaissance
37%
Gustave Courbet Réalisme
37%
Ingres Académisme
34%
Marcel Duchamp Dadaïsme
34%
Jean-Honoré Fragonard Rococo
34%
Rembrandt Siècle d'or néerlandais
34%
Albrecht Dürer Renaissance allemande
31%
Le Caravage Baroque
29%
Jackson Pollock Expressionnisme abstrait
27%
Rosa Bonheur Naturalisme
24%
Camille Corot École de Barbizon
19%
Pierre Bonnard Nabis
18%
Gustave Moreau Symbolisme
18%
André Derain Fauvisme
15%
John Everett Millais Préraphaélisme
15%
Kasimir Malévitch Suprématisme
11%
Parmigianino Maniérisme
10%
Marianne von Werefkin Expressionnisme
8%
Otto Dix Nouvelle Objectivité
6%
Lucio Fontana Spatialisme
5%
Paul Gauguin Synthétisme
0%
Aucun quiz correspondant
Distribution des résultats
% des personnes avec chaque résultat
Percentile par nombre de réponses
Votre historique - résultats
Vous n’avez pas pris ce quiz